005130000a2200145000450024500980000065000180009865000190011665000200013565100540015565100540020904100140026370000270027710000320030477300310033610aAnálisis palinológico del sitio Cabaña San Nicolás () en el Parque Puracé14aPalinología14aBiogeografía14aPaleoecología 4lParque Nacional Natural PuracédHuilapColombia 4lParque Nacional Natural PuracédCaucapColombia0 aEspañol1 aRangel Ch., J. Orlando1 aEspejo B., Nohora Esperanza1 tPolen3518q294-310d1987?